Introducción a la educación : (Record no. 10460)
[ view plain ]
| 000 -CABECERA | |
|---|---|
| campo de control de longitud fija | 00847nam a2200253 a 4500 |
| 001 - NÚMERO DE CONTROL | |
| campo de control | 000010705 |
| 005 - FECHA Y HORA DE LA ÚLTIMA TRANSACCIÓN | |
| campo de control | 20250509170321.0 |
| 008 - DATOS DE LONGITUD FIJA--INFORMACIÓN GENERAL | |
| campo de control de longitud fija | 091009s1983 dr 000 0 spa d |
| 040 ## - FUENTE DE LA CATALOGACIÓN | |
| Centro catalogador/agencia de origen | DO-SdBNP |
| 082 ## - NÚMERO DE LA CLASIFICACIÓN DECIMAL DEWEY | |
| Número de clasificación | 370 |
| Número de documento/Ítem | M826i |
| 049 ## - FONDOS LOCALES (OCLC) | |
| Fondos de biblioteca | BNPD |
| 100 1# - ENTRADA PRINCIPAL--NOMBRE DE PERSONA | |
| Nombre de persona | Moquete, Jacobo |
| 9 (RLIN) | 25913 |
| 245 10 - MENCIÓN DE TÍTULO | |
| Título | Introducción a la educación : |
| Resto del título | pedagogía general / |
| Mención de responsabilidad, etc. | Jacobo Moquete. |
| 250 ## - MENCIÓN DE EDICIÓN | |
| Mención de edición | 8va. ed. |
| 260 ## - PUBLICACIÓN, DISTRIBUCIÓN, ETC. | |
| Lugar de publicación, distribución, etc. | Santo Domingo : |
| Nombre del editor, distribuidor, etc. | Alfa y Omega, |
| Fecha de publicación, distribución, etc. | 1983. |
| 300 ## - DESCRIPCIÓN FÍSICA | |
| Extensión | 211 p. ; |
| Dimensiones | 22 cm. |
| 490 1# - MENCIÓN DE SERIE | |
| Mención de serie | Educación y Sociedad |
| Designación de volumen o secuencia | 8 |
| 490 1# - MENCIÓN DE SERIE | |
| Mención de serie | Universidad Autónoma de Santo Domingo |
| Designación de volumen o secuencia | 268 |
| 500 ## - NOTA GENERAL | |
| Nota general | Incluye datos biográficos del autor en la contracubierta |
| 500 ## - NOTA GENERAL | |
| Nota general | Incluye notas al pie de las páginas |
| 650 #0 - PUNTO DE ACCESO ADICIONAL DE MATERIA--TÉRMINO DE MATERIA | |
| Término de materia o nombre geográfico como elemento de entrada | Educación |
| 9 (RLIN) | 51588 |
| 830 #0 - PUNTO DE ACCESO ADICIONAL DE SERIE-TÍTULO UNIFORME | |
| Título uniforme | Educación y Sociedad |
| Número de parte o sección de la obra | 8 |
| 9 (RLIN) | 25914 |
| 830 #0 - PUNTO DE ACCESO ADICIONAL DE SERIE-TÍTULO UNIFORME | |
| Título uniforme | Universidad Autónoma de Santo Domingo |
| Designación de volumen o secuencia | 268 |
| 9 (RLIN) | 17164 |
| Estado de retiro | Estado de pérdida | No para préstamo | Código de colección | Localización permanente | Ubicación/localización actual | Ubicación en estantería | Fecha de adquisición | Número de inventario | Total de préstamos | Signatura topográfica completa | Código de barras | Fecha visto por última vez | Precio válido a partir de | Tipo de ítem Koha |
|---|---|---|---|---|---|---|---|---|---|---|---|---|---|---|
| Excluido de préstamo | Patrimonio Dominicano | Patrimonio Dominicano | Patrimonio Dominicano | Depósito | 09.10.2009 | LF1 | 370 M826i | 10705-10 | 25.06.2020 | 25.06.2020 | Libro y Folleto Colección Patrimonio Dominicano |
